Представление документа в формате RUSMARC

ПолеНазваниеЗначение
  Тип записи a
  Библиографический уровень m
001 Контрольный номер 695d54b5f5374804ae8bfe28d61049cc
005 Дата корректировки 20140526192808.5
200 Заглавие и сведения об ответственности __
a Заглавие Тарифно-квалификационные характеристики по общеотраслевым профессиям рабочих
e Сведения, относящиеся к заглавию Комментарий к КЗоТ
210 Выходные данные __
a Место издания Москва
c Издательство ИНФРА-М
d Дата издания 1998
215 Физическое описание __
a Объем 119
300 Общие примечания __
a Общие примечания 2экз.
606 Тематические рубрики __
a Основная рубрика Экономика
610 Ключевые слова __
a Ключевые слова экономика труда
686 Индексы других классификаций __
a Классификационный индекс 65.9(2)24
2 Код системы rubbk
686 Индексы других классификаций __
a Классификационный индекс 65.9(2)245.6
2 Код системы rubbk
801 Источник записи _0
a Страна RU
b Организация РУК
c Дата составления 19980806
g Правила каталогизации PSBO
801 Источник записи _1
a Страна RU
b Организация РУК
c Дата составления 19980806
g Правила каталогизации PSBO
852 Данные о местонахождении __
i Авторский знак Т-19
j Шифр хранения 65.9(2)245.6
901 Тип документа __
t Тип документа m
938 Служебная информация __
a Название организации Головной вуз
b Имя БД BOOK
c Название АИБС АИБС ИРБИС